Communication between culture
Đã lưu trong:
| 主要作者: | |
|---|---|
| 格式: | 圖書 |
| 語言: | Undetermined |
| 出版: |
Belmont, CA, USA
Thompson/Wadsworth
2007
|
| 主題: | |
| 標簽: |
添加標簽
沒有標簽, 成為第一個標記此記錄!
|
| Thư viện lưu trữ: | Trung tâm Học liệu Trường Đại học Cần Thơ |
|---|
| LEADER | 00587nam a2200193Ia 4500 | ||
|---|---|---|---|
| 001 | CTU_127645 | ||
| 008 | 210402s9999 xx 000 0 und d | ||
| 020 | |c 1039000 | ||
| 082 | |a 303.482 | ||
| 082 | |b S191 | ||
| 100 | |a Samovar, Larry A. | ||
| 245 | 0 | |a Communication between culture | |
| 245 | 0 | |c Larry A. Samovar, Richard E. Porter, Erwin R. McDaniel | |
| 260 | |a Belmont, CA, USA | ||
| 260 | |b Thompson/Wadsworth | ||
| 260 | |c 2007 | ||
| 650 | |a Intercultural communication.,Communication and culture. | ||
| 904 | |i Minh | ||
| 980 | |a Trung tâm Học liệu Trường Đại học Cần Thơ | ||